000 01890nam a2200313 i 4500
005 20250329165435.0
007 ta
008 190415s2020 000 0 eng d
040 _aCO-CtgCURN
_bspa
_ccoctgcurn
_erda
082 0 _aENF 2020
_bM152
100 1 _aMacías Cardoza, Luz Milena,
_eauthor.
_4aut
245 1 0 _aConocimientos y creencias sobre menarquía en padres de hijas adolescentes. Malagana (Bolívar - Colombia), 2020 /
_cLuz Milena Macías Cardoza; Delly Fuentes Guerrero; Daisy Pacheco Vergara; Mayerlin Navarro Vargas; directoras Kendy Madero Zambrano; Diana Carolina Marsiglia López.
260 _aCartagena de Indias :
_bCorporación Universitaria Rafael Núñez,
_c2020.
300 _a146 hojas.
336 _atext
_btxt
_2rdacontent
337 _aunmediated
_bn
_2rdamedia
338 _avolume
_bnc
_2rdacarrier
504 _aTrabajo de grado (Enfermera). Corporación Universitaria Rafael Nuñez. Facultad de Ciencias de la Salud. Programa de Enfermería, 2020.
520 _a"La menarqua es un evento trascendental en la vida de las adolescentes. Entre sus diversos modos de interpretacin encuentran las consideraciones que se entretejen a raz de la cultura, la cual condiciona los conocimientos y las creencias que, respecto a la menarqua, pueden poseer los padres de la menor. "
650 0 _aEnfermería
_vTesis y disertaciones academicas.
700 1 _aFuentes Guerrero, Delly.
700 1 _aPacheco Vergara, Daisy.
700 1 _aNavarro Vargas, Mayerlin.
700 1 _aMadero Zambrano, Kendy,
_edirectora.
700 1 _aMarsiglia López, Diana Carolina,
_edirectora.
856 _uhttps://unicurn.sharepoint.com/:b:/s/biblioteca/EfhV2bTelAFNslX8XasFZGoBx_zKGC1vPWOkoRh-8c_wsQ?e=ZWIjC6
_zClick aqui para ver el recurso en texto completo
942 _2ddc
_cTG
_hENF 2020
_iM152
999 _c4052
_d4052